[Event "Taastrup Winter 2nd Nederste"]
[Site "Taastrup"]
[Date "2016.12.11"]
[Round "3"]
[White "Pedersen, Ole"]
[Black "Wadtland, Flemming"]
[Result "1-0"]
[WhiteElo "1515"]
[BlackElo "1500"]
[PlyCount "67"]
[EventDate "2016.11.11"]
[EventType "swiss"]
[EventRounds "9"]
[EventCountry "DEN"]
[SourceTitle "EXT 2024"]
[Source "ChessBase"]
[SourceDate "2023.10.10"]
[SourceVersion "1"]
[SourceVersionDate "2023.10.10"]
[SourceQuality "1"]

1. c4 c5 2. Nc3 Nc6 3. g3 g6 4. Bg2 Bg7 5. e3 e5 6. Nge2 d6 7. 0-0 Bd7 8. a3 Nge7 9. Nd5 Nxd5 10. Bxd5 0-0 11. Nc3 a6 12. d3 Kh8 13. Bg2 f5 14. Ne2 Ra7 15. Rb1 b5 16. b4 Be8 17. Qc2 Rc7 18. bxc5 bxc4 19. Qxc4 Na5 20. Qb4 Rxc5 21. Bd2 Bb5 22. Nc1 Nc6 23. Qb3 e4 24. a4 Bxd3 25. Nxd3 Na5 26. Bxa5 Rxa5 27. Nf4 Qd7 28. Ne6 Re8 29. Nxg7 Kxg7 30. Ra1 Rc5 31. Qb2+ Kf7 32. Rfd1 d5 33. Bf1 a5 34. Bb5 1-0

[Event "Helsingor Xtracon op"]
[Site "Helsingor"]
[Date "2016.07.23"]
[Round "1"]
[White "Slettebo, Jan"]
[Black "Wadtland, Flemming"]
[Result "1-0"]
[WhiteElo "2022"]
[BlackElo "1504"]
[PlyCount "61"]
[EventDate "2016.07.23"]
[EventType "swiss"]
[EventRounds "10"]
[EventCountry "DEN"]
[SourceTitle "CBM 173 Extra"]
[Source "ChessBase"]
[SourceDate "2016.08.29"]
[SourceVersion "1"]
[SourceVersionDate "2016.08.29"]
[SourceQuality "1"]

1. e4 e5 2. Nf3 Nc6 3. Bc4 Bc5 4. c3 Nf6 5. d4 d5 6. exd5 exd4 7. dxc6 Qe7+ 8. Qe2 Qxe2+ 9. Bxe2 dxc3 10. Nxc3 bxc6 11. 0-0 0-0 12. Bc4 Re8 13. Bf4 Bd6 14. Bg5 Nh5 15. Rfe1 Bg4 16. Nd4 Bd7 17. Re2 Rxe2 18. Bxe2 h6 19. Bxh5 hxg5 20. Bf3 Rb8 21. b3 Be5 22. Rd1 c5 23. Nde2 Bd6 24. Bd5 Re8 25. Kf1 Kf8 26. Bc4 Bc6 27. Bb5 Bxb5 28. Nxb5 a6 29. Nxd6 Rd8 30. Nc3 cxd6 31. Ne4 1-0

[Event "Politiken Cup 35th"]
[Site "Helsingor"]
[Date "2013.08.01"]
[Round "7"]
[White "Bjorn, Lasse E"]
[Black "Wadtland, Flemming"]
[Result "1-0"]
[WhiteElo "1810"]
[BlackElo "1585"]
[PlyCount "43"]
[EventDate "2013.07.27"]
[EventType "swiss"]
[EventRounds "10"]
[EventCountry "DEN"]
[SourceTitle "CBM 155 Extra"]
[Source "ChessBase"]
[SourceDate "2013.08.26"]
[SourceVersion "1"]
[SourceVersionDate "2013.08.26"]
[SourceQuality "1"]

1. e4 e5 2. Nf3 d6 3. d4 exd4 4. Nxd4 Nf6 5. Nc3 Be7 6. Bc4 c6 7. Bb3 b5 8. Qe2 Ba6 9. Nd1 Nbd7 10. Nxc6 Qc7 11. Nxe7 Kxe7 12. 0-0 Qb7 13. Re1 Ne5 14. Bg5 Qc8 15. Ne3 Ke8 16. Nf5 Qd7 17. Nxg7+ Kf8 18. Bxf6 Rg8 19. Rad1 Ng4 20. e5 Rxg7 21. Bxg7+ Kxg7 22. e6 1-0

[Event "Politiken Cup 34th"]
[Site "Helsingor"]
[Date "2012.07.29"]
[Round "2"]
[White "Wadtland, Flemming"]
[Black "Thogersen, Rasmus"]
[Result "0-1"]
[WhiteElo "1612"]
[BlackElo "1885"]
[PlyCount "88"]
[EventDate "2012.07.28"]
[EventType "swiss"]
[EventRounds "10"]
[EventCountry "DEN"]
[SourceTitle "CBM 149 Extra"]
[Source "ChessBase"]
[SourceDate "2012.08.24"]
[SourceVersion "1"]
[SourceVersionDate "2012.08.24"]
[SourceQuality "1"]

1. c4 e5 2. g3 Nc6 3. Bg2 g6 4. Nc3 Bg7 5. Nf3 d6 6. a3 f5 7. d3 Nf6 8. Bg5 Be6 9. Nd5 0-0 10. Nxf6+ Bxf6 11. Bxf6 Qxf6 12. Qc1 Rae8 13. 0-0 f4 14. Nd2 Nd4 15. Qd1 g5 16. e3 Nc6 17. Be4 Bf5 18. g4 Bxe4 19. dxe4 f3 20. Kh1 Ne7 21. Rg1 Ng6 22. Rg3 Nh4 23. Qb3 b6 24. Rc1 Kg7 25. Qb5 Rh8 26. b4 h5 27. Rcg1 c5 28. gxh5 Kh6 29. Qd7 Re7 30. Qh3 Rf8 31. Rxg5 Qxg5 32. Rxg5 Kxg5 33. Nf1 cxb4 34. axb4 Kxh5 35. Ng3+ Kg5 36. Nf5 Nxf5 37. exf5 Rxf5 38. Qg3+ Kf6 39. h4 Rg7 40. Qh3 a5 41. e4 Rf4 42. bxa5 bxa5 43. c5 dxc5 44. Qc8 Rxh4+ 0-1

[Event "Politiken Cup 34th"]
[Site "Helsingor"]
[Date "2012.07.28"]
[Round "1"]
[White "Taksrud, Vidar"]
[Black "Wadtland, Flemming"]
[Result "1-0"]
[WhiteElo "2057"]
[BlackElo "1612"]
[PlyCount "29"]
[EventDate "2012.07.28"]
[EventType "swiss"]
[EventRounds "10"]
[EventCountry "DEN"]
[SourceTitle "CBM 149 Extra"]
[Source "ChessBase"]
[SourceDate "2012.08.24"]
[SourceVersion "1"]
[SourceVersionDate "2012.08.24"]
[SourceQuality "1"]

1. Nf3 c5 2. c4 g6 3. g3 Bg7 4. Bg2 e6 5. 0-0 Ne7 6. d4 d5 7. cxd5 cxd4 8. Nxd4 Nxd5 9. Nc3 Nxc3 10. bxc3 0-0 11. Ba3 Re8 12. Nb5 Qxd1 13. Raxd1 Na6 14. Nd6 Re7 15. Nxc8 1-0

[Event "Taastrup Quick Weekend-E 14th"]
[Site "Taastrup"]
[Date "2011.10.01"]
[Round "2"]
[White "Larsen, Oliver Hojgaard"]
[Black "Wadtland, Flemming"]
[Result "0-1"]
[WhiteElo "1106"]
[BlackElo "1061"]
[PlyCount "110"]
[EventDate "2011.09.30"]
[EventType "swiss"]
[EventRounds "5"]
[EventCountry "DEN"]
[SourceTitle "EXT 2023"]
[Source "ChessBase"]
[SourceDate "2022.10.05"]
[SourceVersion "1"]
[SourceVersionDate "2022.10.05"]
[SourceQuality "1"]

1. e4 d6 2. Nc3 g6 3. Nf3 Nc6 4. d4 Bg7 5. Qd2 e5 6. d5 Nd4 7. Qd3 Ne7 8. Be2 Nxe2 9. Qxe2 Bg4 10. h3 Bd7 11. Be3 f5 12. Bg5 f4 13. Bxe7 Qxe7 14. Nb5 Kd8 15. 0-0 a6 16. Nc3 g5 17. g4 fxg3 18. Kg2 h5 19. fxg3 Bxh3+ 20. Kxh3 g4+ 21. Kg2 gxf3+ 22. Qxf3 c6 23. Rad1 Kc7 24. Qf7 Rae8 25. dxc6 bxc6 26. Rd5 Rhf8 27. Qxe7+ Rxe7 28. Rxf8 Bxf8 29. Rd3 Rg7 30. Rf3 Be7 31. Kh3 Kb6 32. Rf5 Rh7 33. g4 hxg4+ 34. Kxg4 Kc5 35. Kf3 Rh2 36. Rf7 Bd8 37. Ne2 Rh1 38. Ke3 Bg5+ 39. Kd3 Rh3+ 40. Ng3 Bf4 41. Ke2 Rxg3 42. Rh7 Re3+ 43. Kd2 Rh3+ 44. Kd1 Rxh7 45. c3 Rh2 46. b4+ Kc4 47. a4 Kxc3 48. b5 cxb5 49. axb5 axb5 50. Ke1 b4 51. Kf1 b3 52. Kg1 Ra2 53. Kf1 Rc2 54. Ke1 b2 55. Kd1 b1Q# 0-1

[Event "Taastrup Quick Weekend 13th B3"]
[Site "Taastrup"]
[Date "2011.04.03"]
[Round "4"]
[White "Wadtland, Flemming"]
[Black "Hansen, Soren Otto"]
[Result "0-1"]
[WhiteElo "1484"]
[BlackElo "1520"]
[PlyCount "88"]
[EventDate "2011.04.01"]
[EventType "tourn"]
[EventRounds "5"]
[EventCountry "DEN"]
[SourceTitle "EXT 2023"]
[Source "ChessBase"]
[SourceDate "2022.10.05"]
[SourceVersion "1"]
[SourceVersionDate "2022.10.05"]
[SourceQuality "1"]

1. Nf3 d5 2. c4 d4 3. g3 c5 4. Bg2 Nc6 5. d3 e5 6. e4 Nf6 7. a4 Be7 8. Nh4 Be6 9. Nf5 Bxf5 10. exf5 h5 11. Bg5 Qb6 12. 0-0 Ng4 13. Bxe7 Nxe7 14. h3 Qh6 15. Qd2 Qxd2 16. Nxd2 Nf6 17. Rfe1 Nd7 18. g4 Rb8 19. Nf3 f6 20. Re4 Nc6 21. g5 Nb4 22. Rd1 Kf7 23. g6+ Ke7 24. Ne1 Nb6 25. b3 Na2 26. Rh4 Nc8 27. Bf3 Nd6 28. Be4 Nc3 29. Ra1 Ne2+ 30. Kh1 Rbd8 31. Bd5 Nxf5 32. Re4 Nc3 33. Ng2 Nxe4 34. Bxe4 Nd6 35. Bd5 f5 36. f4 e4 37. Re1 e3 38. Nh4 Kf6 39. Rg1 Ne8 40. Nf3 Nc7 41. Bf7 Na6 42. Ne5 Nb4 43. Bd5 Nxd5 44. Nf7 Nxf4 0-1

[Event "Taastrup Quick Weekend 13th B3"]
[Site "Taastrup"]
[Date "2011.04.02"]
[Round "2"]
[White "Wadtland, Flemming"]
[Black "Sorensen, Viggo"]
[Result "0-1"]
[WhiteElo "1484"]
[BlackElo "1266"]
[PlyCount "48"]
[EventDate "2011.04.01"]
[EventType "tourn"]
[EventRounds "5"]
[EventCountry "DEN"]
[SourceTitle "EXT 2023"]
[Source "ChessBase"]
[SourceDate "2022.10.05"]
[SourceVersion "1"]
[SourceVersionDate "2022.10.05"]
[SourceQuality "1"]

1. Nf3 Nf6 2. c4 g6 3. g3 c6 4. d4 d5 5. Bd2 dxc4 6. Nc3 Bg7 7. e4 0-0 8. Bxc4 b5 9. Bd3 Bg4 10. Be3 Na6 11. h3 Be6 12. a3 Qc8 13. g4 Qb7 14. b4 Rad8 15. Qd2 Kh8 16. e5 Ng8 17. Ne4 Bd5 18. Qe2 f6 19. Nc3 Bxf3 20. Qxf3 fxe5 21. Qg2 exd4 22. Bxb5 dxe3 23. Bxc6 Bxc3+ 24. Ke2 Qb6 0-1

[Event "Valby K41 Aabent-ch 1011"]
[Site "Valby"]
[Date "2010.11.03"]
[Round "1"]
[White "Hojland, Ulrik"]
[Black "Wadtland, Flemming"]
[Result "0-1"]
[WhiteElo "1813"]
[BlackElo "1324"]
[PlyCount "58"]
[EventDate "2010.11.03"]
[EventType "swiss"]
[EventRounds "10"]
[EventCountry "DEN"]
[SourceTitle "EXT 2023"]
[Source "ChessBase"]
[SourceDate "2022.10.05"]
[SourceVersion "1"]
[SourceVersionDate "2022.10.05"]
[SourceQuality "1"]

1. e4 d6 2. d4 Nf6 3. Nc3 g6 4. Nf3 Bg7 5. Be2 0-0 6. 0-0 c5 7. Be3 cxd4 8. Nxd4 a6 9. f4 Nbd7 10. Qd2 Re8 11. Nf3 Ng4 12. Rad1 Nxe3 13. Qxe3 Qb6 14. Qxb6 Nxb6 15. e5 dxe5 16. Nxe5 Be6 17. b3 Rac8 18. Rf3 f6 19. Nc4 Nxc4 20. Bxc4 Bxc4 21. bxc4 Rxc4 22. Rd2 f5 23. Nd5 Rd4 24. Rfd3 e5 25. fxe5 Rxd3 26. cxd3 Rxe5 27. Nc7 Re7 28. Nd5 Rd7 29. Nb6 Bd4+ 0-1